000
00221 a2200097 4500
001
34654
100
_a
Rajagopalan, S.P
245
_a
Computer Applications in Business
260
_a
ND
_b
PHI
_c
1998
090
_c
22937
_d
22937
942
_a
NUST-CAE
_c
M
_c
14377
999
_c
269727
_d
269727